000 00529nam a2200181 i 4500
001 14020
003 ES-MaACL
005 20230906150717.0
007 t|
008 980921s1992 sp ||||1| spa d
080 _a821.134.2-14"19"
100 1 _aBallesteros, Rafael.
_925044
245 1 0 _aRafael Ballesteros.
260 _a[Málaga :
_bCentro Cultural Generación del 27,
_c1992]
300 _a[12] p. :
_b1 retr. ;
_c22 cm.
710 2 _aCentro Cultural Generación del 27.
_92582
852 _aES-MaACL
_j2153-F-24
_bR.120456
999 _c14020
_d14020